000 00344nam a22001337a 4500
003 LK-CoDNM
005 20240821100518.0
008 240821b |||||||| |||| 00| 0 eng d
040 _aLK-CoDNM
_dLK-CoDNM
_eLK-CoDNM
080 _bGP1938
245 _aCeylon administration reports
260 _aColombo
_bGovernment printers
_c1938
942 _cBK
999 _c148569
_d148569